000 01205nam a22002777a 4500
001 03094
003 HDC
007 cr bn ---aaaaa
008 210101b20022002tai||||| |||| 00| 0 eng d
040 _aHDC
110 _aFood and Fertilizer Technology Center (FFTC)
245 0 _a FFTC Research Highlights
_b: the concept and role of the "knowledgeable farmer": as the core manpower in knowledge-based agriculture
_c/ Rural Development Administration (RDA)
260 _aTaiwan:
_bFood and Fertilizer Technology Center,
_c2002
300 _a1 online resource (2 pages)
336 _atext
_2rdacontent
337 _acomputer
_2rdamedia
338 _aonline resource
_2rdacarrier
500 _a"For further information, Korean Journal of Sericultural Science 32, 1: 53-68"
_aExtract from: FFTC Research Highlights, February 2002
650 _aAgricultural innovations
_91956
650 _aAgriculture
_xResearch
_91955
710 _aRural Development Administration (Korea)
856 _zRequest full-text at [email protected]
942 _2lcc
942 _cAR
942 _kEMAG 000164
999 _c480
_d480